| 000 -ლიდერი |
| ფიქსირებული სიგრძის საკონტროლო ველი |
01214nam a2200289Ia 4500 |
| 001 - საკონტროლო ნომერი |
| საკონტროლო ველი |
19940 |
| 003 - საკონტროლო ნომრის იდენტიფიკატორი |
| საკონტროლო ველი |
GE_BSU |
| 005 - ბოლო ოპერაციის თარიღი და დრო |
| საკონტროლო ველი |
20200517224653.0 |
| 008 - ფიქსირებული სიგრძის მონაცემთა ელემენტები - ზოგადი ინფორმაცია |
| ფიქსირებული სიგრძის საკონტროლო ველი |
181216s1987||||ge |||||||||||||| ||geo|| |
| 040 ## - კატალოგიზაციის წყარო |
| Transcribing agency |
GE_BSU |
| 041 ## - ენის კოდი |
| Language code of text/sound track or separate title |
geo |
| 080 ## - უნივერსალური ათობითი კლასიფიკაციის ინდექსი |
| Universal Decimal Classification number |
811.353.1'373.2 ჭ-83 |
| 100 ## - მთავარი ჩანაწერი - პიროვნების სახელი |
| Personal name |
ჭუმბურიძე, ზურაბ |
| 9 (RLIN) |
8055 |
| 245 ## - ცნობა სათაურის შესახებ |
| Title |
დედაენა ქართული / |
| Statement of responsibility, etc |
ზურაბ ჭუმბურიძე ; რედ. ნ. ჯოლოხავა ; მხატვ. ჯ. ყავლაშვილი. |
| 264 ## - წარმოების, გამოცემის, დისტრიბუციის და სხვა ცნობები |
| გამოცემის, წარმოების, დისტრიბუციის... ადგილი |
თბილისი : |
| გამოცემის, წარმოების, დისტრიბუციის... სახელწოდება |
ნაკადული, |
| გამოცემის, წარმოების, დისტრიბუციის... თარიღი |
1987. |
| 300 ## - ფიზიკური აღწერა |
| Extent |
542 გვ. ; |
| Dimensions |
21 სმ. |
| 653 ## - INDEX TERM--UNCONTROLLED |
| Uncontrolled term |
დედაენა ქართული |
| 653 ## - INDEX TERM--UNCONTROLLED |
| Uncontrolled term |
რა გქვია შენ? |
| 653 ## - INDEX TERM--UNCONTROLLED |
| Uncontrolled term |
ქართული გვარები |
| 653 ## - INDEX TERM--UNCONTROLLED |
| Uncontrolled term |
რატომ ვამბობთ ასე? |
| 653 ## - INDEX TERM--UNCONTROLLED |
| Uncontrolled term |
ქართული ენა |
| 653 ## - INDEX TERM--UNCONTROLLED |
| Uncontrolled term |
ქართული ონომასტიკა |
| 700 ## - ADDED ENTRY--PERSONAL NAME |
| Personal name |
ჯოლოხავა, ნ. |
| Relator term |
რედაქტორი |
| 9 (RLIN) |
8023 |
| 700 ## - ADDED ENTRY--PERSONAL NAME |
| Personal name |
ყავლაშვილი, ჯ. |
| Relator term |
მხატვარი |
| 9 (RLIN) |
5903 |
| 942 ## - ADDED ENTRY ELEMENTS (KOHA) |
| Koha item type |
წიგნი |
| Source of classification or shelving scheme |
|